Loading...
Veloor to Moscow
| Main Author: | |
|---|---|
| Format: | Printed Book |
| Published: |
Konni, Venus
1997
|
| LEADER | 004170000a22001330004500 | ||
|---|---|---|---|
| 040 | |a MAL | ||
| 082 | |a A301 KRI3/VE L7 | ||
| 100 | |a Krishnankutty, Veloor | ||
| 245 | |a Veloor to Moscow | ||
| 260 | |a Konni, Venus | ||
| 260 | |c 1997 | ||
| 465 | |a R 40 | ||
| 999 | |c 22874 |d 22874 | ||
| 952 | |0 0 |1 0 |4 0 |6 A_000000000000000_301_KRI3VE_L |7 0 |8 MAL |9 22695 |a MGUL |b MGUL |d 2013-07-16 |e R 40 |l 1 |o A301 KRI3/VE L7 |p 26849 |r 2017-12-28 |s 2017-02-02 |w 2013-07-16 |y BK | ||